The philosophy of money / (Record no. 6428)
[ view plain ]
| 000 -LEADER | |
|---|---|
| fixed length control field | 00906nac a22002411u 4500 |
| 010 ## - LIBRARY OF CONGRESS CONTROL NUMBER | |
| LC control number | 90008165 |
| 020 ## - INTERNATIONAL STANDARD BOOK NUMBER | |
| International Standard Book Number | 0415046416 |
| 082 00 - DEWEY DECIMAL CLASSIFICATION NUMBER | |
| Classification number | 332.401 |
| Item number | SIM |
| 090 ## - LOCALLY ASSIGNED LC-TYPE CALL NUMBER (OCLC); LOCAL CALL NUMBER (OCLC) | |
| -- | 6428 |
| -- | 6428 |
| 100 ## - MAIN ENTRY--PERSONAL NAME | |
| Personal name | Simmel, Georg, |
| 245 14 - TITLE STATEMENT | |
| Title | The philosophy of money / |
| Statement of responsibility, etc | Georg Simmel ; edited by David Frisby ; translated by Tom Bottomore and David Frisby from a first draft by Kaethe Mengelberg. |
| 250 ## - EDITION STATEMENT | |
| Edition statement | 2nd enl. ed. |
| 260 ## - PUBLICATION, DISTRIBUTION, ETC. (IMPRINT) | |
| Place of publication, distribution, etc | London ; |
| -- | New York : |
| Name of publisher, distributor, etc | Routledge,1990 |
| Date of publication, distribution, etc | 1990. |
| 300 ## - PHYSICAL DESCRIPTION | |
| Extent | xli, 537 p. ; |
| Dimensions | 24 cm. |
| 500 ## - GENERAL NOTE | |
| General note | Translation of: Die Philosophie des Geldes. |
| 500 ## - GENERAL NOTE | |
| General note | "First published in 1978 by Routledge and Kegan Paul Ltd."--Prelim. |
| 500 ## - GENERAL NOTE | |
| General note | distributer: Al-Ahram |
| 504 ## - BIBLIOGRAPHY, ETC. NOTE | |
| Bibliography, etc | Includes bibliographical references and index. |
| 511 ## - PARTICIPANT OR PERFORMER NOTE | |
| Participant or performer note | catalogued by: wessam |
| 650 #0 - SUBJECT ADDED ENTRY--TOPICAL TERM | |
| Topical term or geographic name as entry element | Money. |
| 700 1# - ADDED ENTRY--PERSONAL NAME | |
| Personal name | Frisby, David. |
| 942 ## - ADDED ENTRY ELEMENTS (KOHA) | |
| Item type | Book - Borrowing |
| Call number prefix | 332.401SIM |
| Withdrawn status | Item status | Damaged status | Not for loan | Home library | Current library | Shelving location | Date acquired | Source of acquisition | Total Checkouts | Full call number | Barcode | Date last seen | Koha item type |
|---|---|---|---|---|---|---|---|---|---|---|---|---|---|
| Central Library | Central Library | First floor | 22/11/2007 | Purchase | 332.401SIM | 000007232 | 15/07/2025 | Book - Borrowing |